H Κατανόηση και Διοίκηση των Ανθρώπων στις Επιχειρήσεις (Record no. 5047)
[ view plain ]
| 000 -LEADER | |
|---|---|
| fixed length control field | 02816cam a22002054a 4500 |
| 005 - ΗΜΕΡΟΜΗΝΙΑ ΚΑΙ ΩΡΑ ΤΕΛΕΥΤΑΙΑΣ ΕΝΗΜΕΡΩΣΗΣ | |
| Πεδίο ελέγχου | 20250605164203.0 |
| 008 - FIXED-LENGTH DATA ELEMENTS--GENERAL INFORMATION | |
| Πεδίο ελέγχου σταθερού μήκους | 250528s ||||||||||||||||||||||||d |
| 035 ## - SYSTEM CONTROL NUMBER | |
| System control number | 19795 |
| 040 ## - ΠΗΓΗ ΚΑΤΑΛΟΓΟΓΡΑΦΗΣΗΣ | |
| Φορέας πρωτότυπης καταλογογράφησης | MC Athens Campus Library |
| Γλώσσα καταλογογράφησης | Ελληνικά, Μοντέρνα (1453-) |
| Modifying agency | MC Athens Campus Library |
| Κανόνες περιγραφικής καταλογογράφησης | AACR2 |
| 245 1# - ΤΙΤΛΟΣ ΚΑΙ ΔΗΛΩΣΗ ΥΠΕΥΘΥΝΟΤΗΤΑΣ | |
| Τίτλος | H Κατανόηση και Διοίκηση των Ανθρώπων στις Επιχειρήσεις |
| 260 ## - PUBLICATION, DISTRIBUTION, ETC. | |
| Date of publication, distribution, etc. | 2014 |
| 300 ## - PHYSICAL DESCRIPTION | |
| Extent | 128 |
| 505 0# - FORMATTED CONTENTS NOTE | |
| Formatted contents note | Πρόλογος, Περιεχόμενα, Ανάπτυξη της Διοικητικής Σκέψης, Εισαγωγή στη Διοίκηση Ανθρωπίνων Πόρων (ΔΑΠ), Επιχειρήσεις και ΔΑΠ και το Περιβάλλον που αλλάζει, Στρατηγική και ΔΑΠ, Η Δομή των Οργανώσεων, Υγεία και Ασφάλεια, Προσωπικότητα, Προσέλκυση και Επιλογή, Εμπλοκή και Συμμετοχή Εργαζομένων, Σχεδίαση Εργασίας, Δέσμευση Εργαζομένων, Ψυχολογικό Συμβόλαιο, Παρακίνηση Ανθρώπων στην Εργασία, Απολαβές και Αμοιβές, Αξιολόγηση και Διαχείριση της Απόδοσης, Μάθηση και Ανάπτυξη, Κατάρτιση και Ανάπτυξη, Η Φύση των Ομάδων, Ηγεσία στις Οργανώσεις, Δύναμη και Εξουσία και Πολιτική, Η Κουλτούρα στις Οργανώσεις, Παραπομπές. |
| 520 ## - SUMMARY, ETC. | |
| Summary, etc. | Πρόλογος, Περιεχόμενα, Ανάπτυξη της Διοικητικής Σκέψης, Εισαγωγή στη Διοίκηση Ανθρωπίνων Πόρων (ΔΑΠ), Επιχειρήσεις και ΔΑΠ και το Περιβάλλον που αλλάζει, Στρατηγική και ΔΑΠ, Η Δομή των Οργανώσεων, Υγεία και Ασφάλεια, Προσωπικότητα, Προσέλκυση και Επιλογή, Εμπλοκή και Συμμετοχή Εργαζομένων, Σχεδίαση Εργασίας, Δέσμευση Εργαζομένων, Ψυχολογικό Συμβόλαιο, Παρακίνηση Ανθρώπων στην Εργασία, Απολαβές και Αμοιβές, Αξιολόγηση και Διαχείριση της Απόδοσης, Μάθηση και Ανάπτυξη, Κατάρτιση και Ανάπτυξη, Η Φύση των Ομάδων, Ηγεσία στις Οργανώσεις, Δύναμη και Εξουσία και Πολιτική, Η Κουλτούρα στις Οργανώσεις, Παραπομπές. |
| 700 1# - ΠΡΟΣΘΕΤΗ ΑΝΑΓΡΑΦΗ--ΦΥΣΙΚΟ ΠΡΟΣΩΠΟ | |
| Personal name | Δημήτριος Σ. Κ. Κόγκας |
| 9 (RLIN) | 3603 |
| 700 1# - ΠΡΟΣΘΕΤΗ ΑΝΑΓΡΑΦΗ--ΦΥΣΙΚΟ ΠΡΟΣΩΠΟ | |
| Personal name | Κόγκας Δημήτριος |
| 9 (RLIN) | 3604 |
| 942 ## - ADDED ENTRY ELEMENTS (KOHA) | |
| Koha item type | Books |
| Τύπος τεκμηρίου | Βιβλιοθήκη | Τρέχουσα τοποθεσία | Barcode | Αριθμός εισαγωγής | Ημερομηνία απόκτησης | Ταξιθετικό σύμβολο | Αριθμός αντιτύπου | Κατάσταση απόσυρσης | Κατάσταση χαμένου | Κατάσταση κατεστραμμένου | Μη δανεισμός | Σύνολο δανεισμών | Ημερομηνία τελευταίας εμφάνισης | Η τιμή ισχύει από |
|---|---|---|---|---|---|---|---|---|---|---|---|---|---|---|
| Books | MC Athens Campus Library | MC Athens Campus Library | 9780000050465 | 5888 | 05/06/2025 | 658.3 KOG | 1 | 05/06/2025 | 05/06/2025 |